00623nam a2200169Ia 4500008004100000020001800041041000800059082001300067100002400080245005500104260004500159300001800204700002600222906001400248999001700262952017400279220530s9999 xx 000 0 und d a9788121926058 aeng a624bKHU aKhumi, R. S.958558 aCivil EngineeringbConventional and Objective Type aNew DelhibS. Chand Publicationsc2014 aXI;724 P.bPB a Gupta, J. K.958559 a110bMECH c52672d52672 00102ddc40738Allied ScienceaCEWNbCEWNd2016-05-18eAllied Publisher Pvt. Ltd.g550.00o624/KHU/ pCEWN-BK-7833r2022-05-30 00:00:00v440.00w2022-05-30yBKz007833